00408nam a22001337a 450000500170000000800410001704100130005808200130007110000130008424500340009726000860013130000310021765000260024820240515063759.0240515b |||||||| |||| 00| 0 eng d aEnglish  a349 LAW  lEnglish  aThe Law Reports: Appeal Cases aLondon: bThe Incorporated Council of Law Reporting for England and Wales, c1897 bxxii, 740 pages; c25 cm.  aLegal practice bLaw